00802nam a22002297a 450000500170000000800410001702000240005802000210008204100080010304400080011108200180011910000220013724500970015926000460025630000330030250000640033550400670039965000190046665000290048565000180051470000400053220130724073114.0130724b xxu||||| |||| 00| 0 spa d a9780595524419 (pbk) a0595524419 (pbk) aeng axxu a333.95bS713w1 aSorenson, John L.10aWorld trade and biological exchanges before 1492 cJohn L. Sorenson and Carl L. Johannessen. aNew York :bBloomington,bUniversecc2009 aviii, 593 p. :bil.,c23 cm. aCon dedicatoria original manuscrito por Carl L. Johannessen aIncluye referencias bibliográficas (p. 505-569) e índices. abiogeografía aDifusión de la cultura abiodiversidad1 aJohannessen, Carl L.q(Carl, Lewis)